Statistics for Capital Cities With 5 or More Syllables

Click here to take the quiz!

General Stats

  • This quiz has been taken 138 times
    (111 since last reset)
  • The average score is 8 of 16

Answer Stats

Answer% Correct
Guatemala City
73%
Mexico City
69%
Antananarivo
66%
Panama City
62%
Vatican City
53%
Santo Domingo
51%
Sri Jayewardenepura Kotte
51%
Bandar Seri Begawan
50%
Andorra la Vella
49%
Kuala Lumpur
49%
Tegucigalpa
49%
Washington, D.C.
49%
Paramaribo
43%
Addis Ababa
41%
Montevideo
31%
Nuku'alofa
26%

Score Distribution

Percentile by Number Answered

Percent of People with Each Score

Your Score History

You have not taken this quiz since the last reset